Rodina a zdravie

Bibliographic Details
Other Authors: Kašová, Oľga (Publishing director)
Format: Serial
Language:Slovak
Published: Bratislava GK Invest, s.r.o. 2009-
ISSN:1338-0281
Subjects:

MARC

LEADER 00000cas a2200000 a 4500
001 vtls010689771
003 SK-MaSNL
005 20260228162012.0
008 150701c20099999xo r 0 0slo
022 |a 1338-0281 
040 |a SNK  |b slo  |c SNK  |e AACR2 
041 0 |a slo 
044 |a xo  |c SK 
072 7 |a 392  |x Zvyky, mravy, obyčaje v súkromnom živote  |2 konspekt 
072 7 |a 316.3  |x Globálne spoločnosti. Sociálna štruktúra. Sociálne skupiny  |2 konspekt 
072 7 |a 613  |x Hygiena. Ľudské zdravie  |2 konspekt 
072 7 |a 316.7  |x Sociológia kultúry. Kultúrny život  |2 konspekt 
080 |a 392.3  |2 2011 
080 |a 316.356.2  |2 2011 
080 |a 613/614  |2 2011 
080 |a 316.728  |2 2011 
080 |a 050  |2 2011 
080 |a 316.36(051)  |2 2011 
210 0 |a Rod. zdr. 
222 0 |a Rodina a zdravie 
245 0 0 |a Rodina a zdravie 
260 |a Bratislava  |b GK Invest, s.r.o.  |c 2009- 
310 |a Občasník  |b 6/2017- 
321 |a 1x mesačne  |b 2009-5/2017 
362 0 |a 2009- 
500 |a Popis podľa: Roč. III, č. 10 (2011) 
500 |a Registračné č.: EV 3809/09 
500 |a Šéfredaktorka: 10/2011- , Oľga Kašová 
515 |a Niektoré čísla vychádzajú ako dvojčíslo 
515 |a R. 2015/2016 a r. 2016/2017 majú uvedený roč. VI ; r. 2019 a 2020 majú uvedený roč. 8 
515 |a V r. 2019-2023 chýba označenie čísiel na časopise 
650 0 7 |a rodina  |2 SNKPH  |9 4138 
650 0 7 |a rodinné vzťahy  |2 SNKPH  |9 3865 
650 0 7 |a zdravie  |2 SNKPH  |9 16322 
650 0 7 |a životný štýl  |2 SNKPH  |9 1704 
655 7 |a časopisy pre rodinu  |2 SNKPH  |9 50312 
700 1 |a Kašová, Oľga  |4 pbd  |9 270176 
910 |a snk 
999 |c 6397  |d 8327 
952 |0 0  |1 0  |4 0  |7 0  |8 0  |a SNK  |b SNK  |d 2024-12-11  |i snk2024/18419  |l 0  |o snkČSB 7022/10/2022  |p 17A1525214  |r 2026-02-21 19:30:21  |t č. 1-8, neúplné  |w 2026-02-21  |y PREZ  |z Chýba č. 4 
952 |0 0  |1 0  |4 0  |7 0  |8 0  |a SNK  |b SNK  |d 2024-12-11  |i snk2024/18420  |l 0  |o snkČSB 7022/10/2022 D1  |p 17A1525215  |r 2026-02-21 19:30:21  |t č. 1-8, neúplné  |w 2026-02-21  |y PREZ  |z Chýba č. 4 
952 |0 0  |1 0  |4 0  |7 0  |8 0  |a SNK  |b SNK  |d 2024-12-11  |i snk2024/18421  |l 0  |o snkČSB 7022/11/2023  |p 17A1525216  |r 2026-02-21 19:30:26  |t č. 1-5  |w 2026-02-21  |y PREZ 
952 |0 0  |1 0  |4 0  |7 0  |8 0  |a SNK  |b SNK  |d 2024-04-17  |i snk2024/6025  |l 0  |o snkČSB 7022/9/2021 D1  |p 17A1522114  |r 2026-02-21 19:51:13  |t č. 1-9  |w 2026-02-21  |y PREZ 
952 |0 0  |1 0  |4 0  |7 0  |8 0  |a SNK  |b SNK  |d 2022-05-05  |i snk2022/6906  |l 0  |o snkČSB 7022/9/2021  |p 17A1462984  |r 2026-02-21 20:03:59  |t č. 1-9  |w 2026-02-21  |y PREZ 
952 |0 0  |1 0  |4 0  |7 0  |8 0  |a SNK  |b SNK  |d 2022-03-09  |i snk2022/3679  |l 0  |o snkČSB 7022/8/2019  |p 17A1461556  |r 2026-02-21 20:10:16  |t č. 1-8  |w 2026-02-21  |y PREZ  |z -na časopise chýba označenie čísla ; -duplicitné označenie roč. s r. 2018 
952 |0 0  |1 0  |4 0  |7 0  |8 0  |a SNK  |b SNK  |d 2022-03-09  |i snk2022/3680  |l 0  |o snkČSB 7022/8/2020  |p 17A1461557  |r 2026-02-21 20:10:16  |t č. 1-8, neúplné  |w 2026-02-21  |y PREZ  |z -chýba č. 2,4 ; -na časopise chýba označenie čísla ; -duplicitné označenie roč. s r. 2018 
952 |0 0  |1 0  |4 0  |7 0  |8 0  |a SNK  |b SNK  |d 2022-04-07  |i snk2022/5283  |l 0  |o snkČSB 7022/8/2019 D1  |p 17A1462692  |r 2026-02-21 20:11:21  |t č. 1-8  |w 2026-02-21  |y PREZ  |z -na časopise chýba označenie čísla ; -duplicitné označenie roč. s r. 2018 
952 |0 0  |1 0  |4 0  |7 0  |8 0  |a SNK  |b SNK  |d 2022-04-07  |i snk2022/5284  |l 0  |o snkČSB 7022/8/2020 D1  |p 17A1462693  |r 2026-02-21 20:11:21  |t č. 1-8, neúplné  |w 2026-02-21  |y PREZ  |z -chýba č. 2,4 ; -na časopise chýba označenie čísla ; -duplicitné označenie roč. s r. 2018 
952 |0 0  |1 0  |4 0  |7 0  |8 0  |a SNK  |b SNK  |d 2024-12-12  |i snk2024/18476  |l 0  |o snkČSB 7022/11/2023 D1  |p 17A1525218  |r 2026-02-21 21:40:08  |t č. 1-5  |w 2026-02-21  |y PREZ 
952 |0 0  |1 0  |4 0  |7 0  |8 0  |a SNK  |b SNK  |d 2019-04-02  |i snk2019/9224  |l 0  |o snkČSB 7022/3/2011-2012  |p 17A1366128  |r 2026-02-21 21:58:59  |t č. 2-12/1, neúplné  |w 2026-02-21  |y PREZ  |z Chýba č. 2-9, 11 
952 |0 0  |1 0  |4 0  |7 0  |8 0  |a SNK  |b SNK  |d 2019-04-02  |i snk2019/9227  |l 0  |o snkČSB 7022/5/2014-2015  |p 17A1366129  |r 2026-02-21 21:58:59  |t č. 2-12/1, neúplné  |w 2026-02-21  |y PREZ  |z Chýba č. 2-8, 10 
952 |0 0  |1 0  |4 0  |7 0  |8 0  |a SNK  |b SNK  |d 2019-04-02  |i snk2019/9230  |l 0  |o snkČSB 7022/6/2015-2016  |p 17A1366130  |r 2026-02-21 21:58:59  |t č. 2-11/1  |w 2026-02-21  |y PREZ 
952 |0 0  |1 0  |4 0  |7 0  |8 0  |a SNK  |b SNK  |d 2019-04-02  |i snk2019/9240  |l 0  |o snkČSB 7022/6/2016-2017  |p 17A1366131  |r 2026-02-21 21:58:59  |t č. 2-12/1  |w 2026-02-21  |y PREZ 
952 |0 0  |1 0  |4 0  |7 0  |8 0  |a SNK  |b SNK  |d 2019-04-02  |i snk2019/9251  |l 0  |o snkČSB 7022/7/2017  |p 17A1366132  |r 2026-02-21 21:58:59  |t č. 2-8, neúplné  |w 2026-02-21  |y PREZ  |z Chýba č. 7 
952 |0 0  |1 0  |4 0  |7 0  |8 0  |a SNK  |b SNK  |d 2019-04-02  |i snk2019/9253  |l 0  |o snkČSB 7022/8/2018  |p 17A1366133  |r 2026-02-21 21:58:59  |t č. 2-6  |w 2026-02-21  |y PREZ 
952 |0 0  |1 0  |4 0  |7 0  |8 0  |a SNK  |b SNK  |d 2019-04-02  |i snk2019/9259  |l 0  |o snkČSB 7022/3/2011-2012 D1  |p 17A1366134  |r 2026-02-21 21:58:59  |t č. 2-12/1, neúplné  |w 2026-02-21  |y PREZ  |z Chýba č. 2-9, 11 
952 |0 0  |1 0  |4 0  |7 0  |8 0  |a SNK  |b SNK  |d 2019-04-02  |i snk2019/9261  |l 0  |o snkČSB 7022/5/2014-2015 D1  |p 17A1366135  |r 2026-02-21 21:59:00  |t č. 2-12/1, neúplné  |w 2026-02-21  |y PREZ  |z Chýba č. 2-8, 10 
952 |0 0  |1 0  |4 0  |7 0  |8 0  |a SNK  |b SNK  |d 2019-04-02  |i snk2019/9262  |l 0  |o snkČSB 7022/6/2015-2016 D1  |p 17A1366136  |r 2026-02-21 21:59:00  |t č. 2-11/1, neúplné  |w 2026-02-21  |y PREZ  |z Chýba č. 4 
952 |0 0  |1 0  |4 0  |7 0  |8 0  |a SNK  |b SNK  |d 2019-04-02  |i snk2019/9266  |l 0  |o snkČSB 7022/6/2016-2017 D1  |p 17A1366137  |r 2026-02-21 21:59:00  |t č. 2-12/1, neúplné  |w 2026-02-21  |y PREZ  |z Chýba č. 6 
952 |0 0  |1 0  |4 0  |7 0  |8 0  |a SNK  |b SNK  |d 2019-04-02  |i snk2019/9269  |l 0  |o snkČSB 7022/7/2017 D1  |p 17A1366138  |r 2026-02-21 21:59:00  |t č. 2-8, neúplné  |w 2026-02-21  |y PREZ  |z Chýba č. 4, 7 
952 |0 0  |1 0  |4 0  |7 1  |8 0  |a SNK  |b SNK  |d 2019-04-02  |i snk2019/9271  |l 0  |o snkČSB 7022/8/2018 D1  |p 17A1366139  |r 2026-02-21 21:59:00  |t č. 2-9, neúplné  |w 2026-02-21  |y NEVYP  |z Chýba č. 7,8